The Art of War / (Record no. 616724)
[ view plain ]
| 000 -LEADER | |
|---|---|
| fixed length control field | 00343nam a22001337a 4500 |
| 027 ## - STANDARD TECHNICAL REPORT NUMBER | |
| Qualifying information | PB. |
| 040 ## - CATALOGING SOURCE | |
| Transcribing agency | FIZZA ISHAQ |
| 082 ## - DEWEY DECIMAL CLASSIFICATION NUMBER | |
| Classification number | 355.02 |
| Author Mark | TZU |
| 100 ## - MAIN ENTRY--PERSONAL NAME | |
| Personal name | Tzu , Sun. |
| 9 (RLIN) | 90541 |
| 245 ## - TITLE STATEMENT | |
| Title | The Art of War / |
| Statement of responsibility, etc. | Sun Tzu. |
| 260 ## - PUBLICATION, DISTRIBUTION, ETC. | |
| Place of publication, distribution, etc. | ISLAM ABAD: |
| Name of publisher, distributor, etc. | Service Book Club, |
| Date of publication, distribution, etc. | 1949. |
| 300 ## - PHYSICAL DESCRIPTION | |
| Extent | 99 P. ; |
| Dimensions | 5.91 x 3.98 x 0.24 inches |
| 942 ## - ADDED ENTRY ELEMENTS (KOHA) | |
| Source of classification or shelving scheme | |
| Koha item type | Book |
| Withdrawn status | Lost status | Source of classification or shelving scheme | Damaged status | Not for loan | Permanent Location | Current Location | Shelving location | Date acquired | Total Checkouts | Full call number | Barcode | Date last seen | Price effective from | Koha item type |
|---|---|---|---|---|---|---|---|---|---|---|---|---|---|---|
| NUST Baluchistan Campus (NBC) | NUST Baluchistan Campus (NBC) | General Stacks | 03/30/2026 | 355.02 TZU | QD-995 | 03/30/2026 | 03/30/2026 | Book |
